000 00714nam a2200193Ii 4500
003 JO-AjNU
008 230605s9999||||xx |||||||||||||| ||und||
040 _aJO-AjNU
_bara
_erda
_cJO-AjNU
041 _aara
050 1 4 _aDP102.S4
100 3 _aبقلم الشبال، جمال الدين,
_eauthor
_940581
245 0 0 _aالتاريخ الاسلامي واثرة في الفكر التاريخي الأوروبي في عصر النهضة
264 3 1 _aبيروت: دار الثقافة، د.ت
300 _a133ص
336 _atext
_btxt
_2rdacontent
337 _aunmediated
_bn
_2rdamedia
338 _avolume
_bnc
_2rdacarrier
650 4 _aالتاريخ الاسلامي- الاندلس-تاريخ
_940582
999 _aA17234
_c20802
_d20802